The PC Upgradeŕ s Manual. How to Build and Extend Yor System /

Salvato in:
Dettagli Bibliografici
Autore principale: Held, Gilbert (Autore)
Natura: Libro
Pubblicazione: New York : John Wiley & Sons, 1988
Tags: Aggiungi Tag
Nessun Tag, puoi essere il primo ad aggiungerne!!

MARC

LEADER 00000nam a22000003a 4500
001 stu14744
005 20190206124524.7
008 ------s1988----xxu---------------------d
040 |a STU  |b slo 
041 0
044 |a xxu 
080 |a 681.326.32 
100 1 |a Held, Gilbert  |4 aut 
245 1 |a The PC Upgradeŕ s Manual. How to Build and Extend Yor System /  |c [aut.]Held,Gilbert 
260 |a New York :  |b John Wiley & Sons,  |c 1988 
300 |a 227 s :  |b Obr.,tab.,index 
996 |b 284C016151  |c C*84171  |l CCI  |s A  |a 24  |w stu14744_0001